| 000 | 01297nam a22002657a 4500 | ||
|---|---|---|---|
| 999 |
_c5693 _d5693 |
||
| 003 | AR-CdUCM | ||
| 008 | 190313b ||||| |||| 00| 0 spa d | ||
| 040 |
_aMUNICIPALIDAD PROVINCIAL DEL CUSCO _cBIBLIOTECA MUNICIPAL DEL CUSCO |
||
| 041 | _heng | ||
| 082 |
_a192.8 / _bN93 |
||
| 100 |
_aNunnally, Jum C. _916963 |
||
| 245 | _aIntroducción a la Medición Psicológica / | ||
| 260 |
_aBuenos Aires : _bPaidós ; _c1970. |
||
| 300 |
_a619 páginas ; _bDiagramas, ilustraciones _c23cm |
||
| 440 |
_aColección Biblioteca de Psicometría y Psicodiagnostico _916964 |
||
| 505 | _aContenido: Fundamentos históricos y teóricos de las mediciones psicológicas -- Métodos estadísticos que se utilizan para las mediciones psicológicas -- Métodos para determinar la utilidad científica de las medidas psicológicas -- Teorías y métodos para construir instrumentos de medición psicológica -- Ejemplos de métodos para medir aptitudes... | ||
| 650 |
_aMedición psicológica _916965 |
||
| 650 |
_aAptitudes _916966 |
||
| 650 |
_aPersonalidad _9925 |
||
| 650 |
_aSentimientos _916967 |
||
| 700 |
_aHalperin Donghi, Leticia (traducción) _916968 |
||
| 710 |
_aCentro Regional de Ayuda Técnica Agencia para el Desarrollo Internacional _916969 |
||
| 942 |
_2ddc _cLIBROS |
||
| 945 | _anom | ||